| 000 | 00000nam 2200000za 4500 |
| 001 | 9.822317 |
| 003 | CaOODSP |
| 005 | 20221107143647 |
| 007 | cr ||||||||||| |
| 008 | 160809t19761976onc oz f000 0 fre d |
| 020 | |z0-660-00534-4 |
| 040 | |aCaOODSP|bfre |
| 041 | |aeng|afre |
| 043 | |an-cn--- |
| 086 | 1 |aE3-1976/3-PDF|zE3-1976/3 |
| 245 | 00|aExtradition |h[ressource électronique] : |btreaty between Canada and the United States of America (amended by an exchange of notes) = Extradition : traité entre le Canada et les États-Unis d'Amérique (amendé par un échange de notes). |
| 246 | 31|aExtradition : |btraité entre le Canada et les États-Unis d'Amérique (amendé par un échange de notes) |
| 246 | 13|aÉchange de notes entre le gouvernement du Canada et le gouvernement des États-Unis d'Amérique amendant le Traité d'extradition du 3 décembre 1971 |
| 246 | 16|aTraité d'extradition entre le gouvernement du Canada et le gouvernement des États-Unis d'Amérique |
| 260 | |aOttawa : |bQueen's Printer = Imprimeur de la Reine, |c1976. |
| 300 | |a25 p. |
| 490 | 1 |aTreaty series = Recueil des traités ; |v1976, n° 3 |
| 500 | |a« Washington, le 3 décembre 1971. Les instruments de ratification échangés le 22 mars 1976. En vigueur le 22 mars 1976. » |
| 530 | |aÉgalement publ. en version imprimée. |
| 546 | |aTexte en anglais et en français. |
| 692 | 07|2gccst|aExtradition |
| 692 | 07|2gccst|aAccord international |
| 710 | 1 |aCanada. |bMinistère des affaires extérieures. |
| 791 | |tExtraditon |eeng|w(CaOODSP)9.822316 |
| 830 | #0|aTreaty series = Recueil des traités ;|v1976, n° 3|w(CaOODSP)9.813202 |
| 856 | 40|qPDF|s1.74 Mo|uhttps://publications.gc.ca/collections/collection_2016/amc-gac/E3-1976-3.pdf |